| 000 | 01049nam a22003137a 4500 | ||
|---|---|---|---|
| 003 | CHAP | ||
| 005 | 20220329134858.0 | ||
| 008 | 971013s1971 r 00010 d | ||
| 010 | _a27401 | ||
| 011 | _a28373 | ||
| 035 | _a32477 | ||
| 040 | _cCHAP | ||
| 082 |
_a630.72 _bI5p 1971 |
||
| 110 |
_aINIA. México _958464 |
||
| 245 |
_aProyecto-Chihuahua de investigación agrícola _b: segunda reunión informativa |
||
| 260 |
_aCd. Cuauhtémoc, Chih. : _bEl Instituto, _c1971 |
||
| 300 |
_apág. varía _b: ilus |
||
| 590 |
_aBATCH-UPD _b10 _c20130110 _lUCH01 _h0027 |
||
| 590 |
_aBATCH-UPD _b10 _c20130110 _lUCH01 _h1006 |
||
| 590 |
_aBATCH-UPD _b10 _c20130409 _lUCH01 _h2009 |
||
| 590 |
_aBATCH-UPD _b10 _c20130913 _lUCH01 _h2028 |
||
| 590 |
_aCONVERSION _b10 _c20130109 _lUCH01 _h1316 |
||
| 650 | 1 | 4 |
_aAgricultura _xChihuahua. _91356 |
| 650 | 1 | 4 |
_aAgricultura _xInvestigación _xChihuahua. _91598 |
| 650 | 1 | 4 |
_aProyecto Chihuahua. _992490 |
| 901 | _aBK | ||
| 942 | _cLIBRO | ||
| 949 |
_a630.72 I5p 1971 _bBC _cLIBRO _d33724000038832 _eLIBRO _h16113 _i32477 _mD _si |
||
| 999 |
_c27401 _d27401 |
||